Giáo dục bảo tồn thiên nhiên và đa dạng sinh học : Trong trường trung học cơ sở

Nội dung sách giới thiệu vai trò của giáo dục bảo tồn thiên nhiên và đa dạng sinh học trong trường trung học cơ sở, một số kiến thức về bảo tồn thiên nhiên và đa dạng sinh học. Tình hình bảo tồn thiên nhiên và đa dạng sinh học trên thế giới...

Fuld beskrivelse

Đã lưu trong:
Bibliografiske detaljer
Hovedforfatter: Nguyễn, Sỹ Đức
Format: Bog
Sprog:Undetermined
Udgivet: Hà Nội Bộ Giáo dục và Đào tạo 2010
Fag:
Tags: Tilføj Tag
Ingen Tags, Vær først til at tagge denne postø!
Thư viện lưu trữ: Trung tâm Học liệu Trường Đại học Cần Thơ
LEADER 01406nam a2200229Ia 4500
001 CTU_210857
008 210402s9999 xx 000 0 und d
082 |a 577.5 
082 |b Đ552 
100 |a Nguyễn, Sỹ Đức 
245 0 |a Giáo dục bảo tồn thiên nhiên và đa dạng sinh học : 
245 0 |b Trong trường trung học cơ sở 
245 0 |c Nguyễn Sỹ Đức (chủ biên) 
260 |a Hà Nội 
260 |b Bộ Giáo dục và Đào tạo 
260 |c 2010 
520 |a Nội dung sách giới thiệu vai trò của giáo dục bảo tồn thiên nhiên và đa dạng sinh học trong trường trung học cơ sở, một số kiến thức về bảo tồn thiên nhiên và đa dạng sinh học. Tình hình bảo tồn thiên nhiên và đa dạng sinh học trên thế giới và ở Việt Nam. Định hướng nội dung, phương pháp giáo dục bảo tồn thiên nhiên và đa dạng sinh học qua các môn học... 
650 |a Ecology,Nature conservation,Biodiversity,Sinh thái học,Bảo tồn thiên nhiên,Đa dạng sinh học 
650 |x Environmental aspects,Khía cạnh môi trường 
650 |z Vietnam,Vietnam,Việt Nam,Việt Nam 
904 |i Qhieu 
980 |a Trung tâm Học liệu Trường Đại học Cần Thơ